[Event "It (open)"]
[Site "masterchessopen.com Lisbon (Portugal)"]
[Round "1"]
[White "Ikonnikov Vyacheslav (RUS)"]
[Black "Nunes Leonardo (POR)"]
[Result "1-0"]
[WhiteElo "2548"]
[BlackElo "2093"]

1.d4 Nf6 2.Nf3 d6 3.c4 g6 4.Nc3 Bg7 5.e4 O-O 6.Be2 e5 7.O-O Nc6 8.d5 Ne7 9.Ne1
Ne8 10.Be3 f5 11.f3 f4 12.Bf2 g5 13.c5 h5 14.a4 Ng6 15.cxd6 cxd6 16.Nb5 a6
17.Na3 Rb8 18.Nc4 b5 19.axb5 axb5 20.Na5 Bd7 21.Nc6 Bxc6 22.dxc6 Ne7 23.Rc1
Nc7 24.Nd3 d5 25.exd5 Nexd5 26.Qb3 Kh8 27.Nc5 Re8 28.Nd7 Ra8 29.Rfd1 {#r} 1-0

[Event "It (open)"]
[Site "masterchessopen.com Litomysl (Czech Republic)"]
[Round "8"]
[White "Svana Peter (SVK)"]
[Black "Starek Stanislav (CZE)"]
[Result "1-0"]
[WhiteElo "2258"]
[BlackElo "1995"]

1.d4 Nf6 2.c4 g6 3.Nc3 Bg7 4.e4 d6 5.Nf3 O-O 6.Be2 e5 7.O-O Nc6 8.d5 Ne7 9.Ne1
Ne8 10.Be3 f5 11.f3 f4 12.Bf2 h5 13.c5 g5 14.Rc1 Rf6 15.Qb3 g4 16.cxd6 cxd6
17.Nb5 Rg6 18.Nxa7 gxf3 19.Nxf3 Rxa7 20.Bxa7 Nf6 21.Nxe5 dxe5 22.d6+ Ned5
23.exd5 Bf5 24.Qxb7 Bh3 25.Bf3 e4 26.Kh1 Bf5 27.Be2 Qxd6 28.Qb8+ Qxb8 29.Bxb8
Nxd5 30.Bc4 Be6 31.Bxf4 Nxf4 32.Rxf4 Bh6 33.Rxe4 Bxc1 34.Rxe6 {#r} 1-0

[Event "It (open)"]
[Site "masterchessopen.com Ljubljana (Slovenia)"]
[Round "8"]
[White "Kaspret Guido (AUT)"]
[Black "Podhraski Dejan (SLO)"]
[Result "0-1"]
[WhiteElo "2252"]
[BlackElo "2142"]

1.d4 Nf6 2.c4 g6 3.Nc3 Bg7 4.e4 d6 5.Nf3 O-O 6.Be2 e5 7.O-O Nc6 8.d5 Ne7 9.Ne1
Ne8 10.Be3 f5 11.f3 f4 12.Bf2 g5 13.c5 Rf7 14.cxd6 cxd6 15.a4 Bf8 16.Nb5 Ng6
17.Nxa7 Rxa7 18.Bxa7 b6 19.Bxb6 Qxb6+ 20.Kh1 h5 21.Nd3 Nf6 22.a5 Qb8 23.b4 g4
24.b5 g3 25.b6 Rg7 26.Qc2 Nxd5 27.Qa2 Be6 28.exd5 Bf5 29.Rg1 Qd8 30.h3 Qh4
31.Bf1 e4 32.Ne1 Ne5 33.Qe2 Ng4 {#R} 0-1

[Event "It (open)"]
[Site "masterchessopen.com London (England)"]
[Round "0"]
[White "Tan Oscar (PHI)"]
[Black "Crawley Gavin (ENG)"]
[Result "0-1"]
[WhiteElo "2166"]
[BlackElo "2404"]

1.d4 Nf6 2.Nf3 g6 3.c4 Bg7 4.Nc3 O-O 5.e4 d6 6.Be2 e5 7.O-O Nc6 8.d5 Ne7 9.Ne1
Ne8 10.f3 c5 11.Nd3 f5 12.g4 Bd7 13.Rb1 Kh8 14.b4 b6 15.Bd2 Ng8 16.Nf2 Bh6
17.Kg2 Bxd2 18.Qxd2 Qh4 19.h3 Nh6 20.Nd3 Nf7 21.Qe1 Qe7 22.Bd1 Nf6 23.Ba4 Bxa4
24.Nxa4 h5 25.exf5 gxf5 26.Nf4 Rg8 27.Rh1 Qd7 28.Qh4 Nh7 29.Ne6 Qxa4 30.Qxh5
Qc2+ 31.Kg3 f4+ {#R} 0-1

[Event "It (open)"]
[Site "masterchessopen.com Loosdorf (Austria)"]
[Round "1"]
[White "Schwaiger Michael (AUT)"]
[Black "Novik Maxim (RUS)"]
[Result "0-1"]
[WhiteElo "2077"]
[BlackElo "2462"]

1.d4 Nf6 2.Nf3 g6 3.c4 Bg7 4.Nc3 O-O 5.e4 d6 6.Be2 e5 7.O-O Nc6 8.d5 Ne7 9.Ne1
Ne8 10.Be3 f5 11.f3 f4 12.Bf2 h5 13.b4 g5 14.Rc1 Rf7 15.c5 Bh6 16.cxd6 cxd6
17.a4 Rg7 18.a5 g4 19.Kh1 g3 20.Bg1 gxh2 21.Bf2 h4 22.Kxh2 Ng6 23.Rg1 Bg5
24.Nb5 h3 25.gxh3 Bd7 26.Nxa7 Bh4 27.Bb6 Bg3+ 28.Rxg3 fxg3+ 29.Kg1 Qh4 30.Bf1
Nf4 {#R} 0-1

[Event "It (open)"]
[Site "masterchessopen.com Lugano (Switzerland)"]
[Round "5"]
[White "Maffioli Massimo (SUI)"]
[Black "Napoli Ferdinando (ITA)"]
[Result "0-1"]
[WhiteElo "1903"]
[BlackElo "1740"]

1.d4 Nf6 2.c4 g6 3.Nc3 Bg7 4.e4 O-O 5.Nf3 d6 6.Be2 e5 7.O-O Nc6 8.d5 Ne7 9.Ne1
Ne8 10.Be3 f5 11.f3 f4 12.Bf2 g5 13.Rc1 Nf6 14.c5 Ng6 15.cxd6 cxd6 16.Nb5 Rf7
17.Qc2 g4 18.Nc7 g3 19.hxg3 fxg3 20.Bxg3 Nh5 21.Bh2 Bh6 22.Nxa8 Bxc1 23.Qxc1
Ngf4 24.Bxf4 Nxf4 25.Qc2 Rg7 26.Kf2 Kh8 27.Rg1 Qg8 28.Kf1 Bh3 29.Bd1 Nxg2
30.Nxg2 Qxa8 31.Qd2 Qg8 32.Bb3 Qf7 33.Qf2 Qf4 34.Ke2 Qg5 35.Kf1 Qc1+ {#R} 0-1

[Event "It (open)"]
[Site "masterchessopen.com Lugano (Switzerland)"]
[Round "3"]
[White "Maffioli Massimo (SUI)"]
[Black "Vignoli Matteo (ITA)"]
[Result "0-1"]
[WhiteElo "1903"]
[BlackElo "1979"]

1.d4 Nf6 2.c4 g6 3.Nc3 Bg7 4.e4 d6 5.Nf3 O-O 6.Be2 e5 7.O-O Nc6 8.d5 Ne7 9.Ne1
Ne8 10.Be3 f5 11.f3 Nf6 12.Nd3 f4 13.Bf2 Kh8 14.Rc1 Nh5 15.c5 Ng8 16.cxd6 cxd6
17.Nb5 Qg5 18.h4 Qd8 19.Qe1 Ng3 20.Bxg3 fxg3 21.Qxg3 Qb6+ 22.Nf2 Bh6 23.Rxc8
Raxc8 {#R} 0-1

[Event "It (open)"]
[Site "masterchessopen.com Lyons (France)"]
[Date "2005.04.16"]
[Round "1"]
[White "Schweitzer Adrien (FRA)"]
[Black "Mallet P"]
[Result "1-0"]
[WhiteElo "2043"]
[BlackElo "1600"]

1.d4 Nf6 2.c4 g6 3.Nc3 Bg7 4.e4 d6 5.Be2 O-O 6.Nf3 e5 7.O-O Nc6 8.d5 Ne7 9.Ne1
Ne8 10.Nd3 f5 11.f4 fxe4 12.Nxe4 Bf5 13.Ng3 c6 14.fxe5 Bxd3 15.Rxf8+ Kxf8
16.Qxd3 Bxe5 17.Bh6+ Kg8 18.Rf1 Ng7 19.dxc6 bxc6 20.b3 a5 21.Ne4 Nef5 22.Bg5
Qb6+ 23.Kh1 c5 24.Qd5+ {#r} 1-0

[Event "It (open)"]
[Site "masterchessopen.com Mannheim (Germany)"]
[Round "0"]
[White "Wohlfart Karl-Heinz (GER)"]
[Black "Ahrens Manuela (GER)"]
[Result "0-1"]
[WhiteElo "1910"]
[BlackElo "2125"]

1.Nf3 g6 2.c4 Bg7 3.d4 d6 4.e4 Nf6 5.Nc3 O-O 6.Be2 e5 7.O-O Nc6 8.d5 Ne7 9.Ne1
Ne8 10.Be3 f5 11.f3 f4 12.Bf2 g5 13.Nd3 h5 14.b4 Ng6 15.c5 g4 16.fxg4 Nh4
17.h3 Qg5 18.Kh2 Nf6 19.Qe1 Ng6 20.h4 Nxg4+ 21.Bxg4 Qxg4 22.cxd6 f3 23.Rg1
cxd6 24.Bg3 fxg2 25.Rxg2 Qh3+ 26.Kg1 Nf4 27.Bxf4 exf4 28.Nf2 Qxh4 29.e5 f3
30.Rg6 Bf5 31.Rxg7+ Kxg7 32.Qf1 Kh8 {#R} 0-1

[Event "It (open)"]
[Site "masterchessopen.com Manresa (Spain)"]
[Round "3"]
[White "Spraggett Kevin (CAN)"]
[Black "Gonzalez Freixas Albert (ESP)"]
[Result "1-0"]
[WhiteElo "2555"]
[BlackElo "2194"]

1.d4 Nf6 2.c4 g6 3.Nc3 Bg7 4.e4 d6 5.Nf3 O-O 6.Be2 e5 7.O-O Nc6 8.d5 Ne7 9.Ne1
Ne8 10.Be3 f5 11.f3 f4 12.Bf2 h5 13.a4 g5 14.a5 Kh8 15.c5 dxc5 16.Bxc5 Nd6
17.Nb5 Nxb5 18.Bxb5 Rf6 19.Rf2 Ng8 20.a6 b6 21.Ba3 g4 22.Rc2 Bd7 23.Bxd7 Qxd7
24.Rac1 Rc8 25.Rc6 Rxc6 26.Rxc6 g3 27.h3 Ne7 28.Bxe7 Qxe7 29.Nd3 Qe8 30.Qb3
Qd7 31.Qc4 Qf7 32.Kf1 Kg8 33.Qc3 Qe8 34.d6 {#r} 1-0

[Event "It (open)"]
[Site "masterchessopen.com Mar del Plata (Argentina)"]
[Round "0"]
[White "Restifa Hector (ARG)"]
[Black "Lorelli Carlos (ARG)"]
[Result "1-0"]
[WhiteElo "2315"]
[BlackElo "2271"]

1.d4 Nf6 2.c4 g6 3.Nc3 Bg7 4.e4 d6 5.Nf3 O-O 6.Be2 e5 7.O-O Nc6 8.d5 Ne7 9.Ne1
Ne8 10.Nd3 f5 11.f4 Kh8 12.fxe5 dxe5 13.Be3 Nd6 14.Nf2 b6 15.Rc1 c5 16.a3 a5
17.Rb1 Ba6 18.b3 Ng8 19.Qc2 Bh6 20.Bxh6 Nxh6 21.exf5 gxf5 22.Na4 Qe7 23.Nxb6
Rab8 24.Na4 Rg8 25.Rfe1 Qg5 26.Bf1 Ng4 27.Nxg4 Qxg4 28.Nxc5 Bc8 29.Qc3 {#r}
1-0

[Event "It (open)"]
[Site "masterchessopen.com Mar del Plata (Argentina)"]
[Round "2"]
[White "Butti Enrique (PAR)"]
[Black "Cid Marino Alejandro (ARG)"]
[Result "0-1"]
[WhiteElo "2033"]
[BlackElo "2340"]

1.d4 Nf6 2.c4 g6 3.Nc3 Bg7 4.e4 d6 5.Be2 O-O 6.Nf3 e5 7.O-O Nc6 8.d5 Ne7 9.Ne1
Ne8 10.Be3 f5 11.f3 f4 12.Bf2 h5 13.c5 g5 14.cxd6 cxd6 15.a4 Ng6 16.Rc1 Rf7
17.Nb5 a6 18.Na3 Nf6 19.Qb3 g4 20.Qb6 Qe7 21.Nc4 Ne8 22.Qb4 g3 23.hxg3 fxg3
24.Bxg3 Qg5 25.Nb6 Qxg3 26.Nxa8 Bh6 27.Qc3 Nf4 28.Rc2 Nh3+ 29.Kh1 Nf4 {#R} 0-1

[Event "It (open)"]
[Site "masterchessopen.com Mar del Plata (Argentina)"]
[Round "0"]
[White "Loiterstein Mariano (ARG)"]
[Black "De Souza Haro Paulo Cezar (BRA)"]
[Result "1-0"]
[WhiteElo "2265"]
[BlackElo "2167"]

1.d4 Nf6 2.Nf3 g6 3.c4 Bg7 4.Nc3 O-O 5.e4 d6 6.Be2 e5 7.O-O Nc6 8.d5 Ne7 9.Ne1
Ne8 10.f3 f5 11.g4 fxg4 12.fxg4 Rxf1+ 13.Kxf1 Kh8 14.g5 Bh3+ 15.Kf2 Qd7 16.Kg3
h6 17.Nd3 hxg5 18.Bxg5 Bf6 19.Qd2 Qc8 20.Bxf6+ Nxf6 21.Qh6+ Kg8 22.Qxh3 Nxe4+
23.Nxe4 Nf5+ 24.Kg2 {#r} 1-0

[Event "It (open)"]
[Site "masterchessopen.com Mar del Plata (Argentina)"]
[Round "1"]
[White "Campagnoni Diego (ARG)"]
[Black "Vescovi Giovanni (BRA)"]
[Result "0-1"]
[WhiteElo "2078"]
[BlackElo "2490"]

1.d4 Nf6 2.c4 g6 3.Nc3 Bg7 4.e4 d6 5.Be2 O-O 6.Nf3 e5 7.O-O Nc6 8.d5 Ne7 9.Ne1
Ne8 10.Be3 f5 11.f3 f4 12.Bf2 g5 13.Nd3 h5 14.c5 Ng6 15.b4 Nf6 16.b5 g4 17.b6
axb6 18.cxb6 g3 19.hxg3 fxg3 20.Bxg3 h4 21.Bf2 Nh5 22.Re1 Qg5 23.Bf1 Ng3
24.Kh2 Nf4 25.Nxf4 exf4 26.Qd2 Rf6 27.Bd4 Rh6 28.Bxg7 Kxg7 29.Ne2 h3 30.Qb2+
Kf8 31.Nxg3 hxg2+ 32.Kg1 gxf1=Q+ 33.Kxf1 Qxg3 34.Qg2 Bh3 {#R} 0-1

[Event "It (open)"]
[Site "masterchessopen.com Maringa (Brazil)"]
[Date "2012.08.08"]
[Round "1"]
[White "Barreto Filho Carlos Alberto (BRA)"]
[Black "Canalli Juliano Jose"]
[Result "1-0"]
[WhiteElo "2325"]
[BlackElo "1848"]

1.c4 Nf6 2.Nc3 g6 3.d4 Bg7 4.e4 d6 5.Nf3 O-O 6.Be2 e5 7.O-O Nc6 8.d5 Ne7 9.Ne1
Ne8 10.Nd3 f5 11.Bd2 f4 12.Bg4 Bxg4 13.Qxg4 Qc8 14.Qxc8 Rxc8 15.f3 a6 16.a4 g5
17.a5 Nf6 18.Ra3 Rb8 19.Be1 Rfc8 20.Bf2 c5 21.Rb1 b6 22.axb6 Rxb6 23.Rba1 Ra8
24.Ra5 g4 25.b4 g3 26.hxg3 fxg3 27.Be3 Nd7 28.bxc5 Rb3 29.R5a3 Rab8 {#r} 1-0

[Event "It (open)"]
[Site "masterchessopen.com Marostica (Italy)"]
[Round "2"]
[White "Efimov Igor (MNC)"]
[Black "Mola Pietro (ITA)"]
[Result "1-0"]
[WhiteElo "2430"]
[BlackElo "2225"]

1.d4 Nf6 2.c4 g6 3.Nc3 Bg7 4.e4 d6 5.Be2 O-O 6.Nf3 e5 7.O-O Nc6 8.d5 Ne7 9.Ne1
Ne8 10.f3 f5 11.Be3 f4 12.Bf2 h5 13.a4 g5 14.a5 a6 15.c5 Nf6 16.h3 Ng6 17.b4
Kh7 18.b5 axb5 19.Nxb5 g4 20.cxd6 cxd6 21.Bb6 Qe7 22.Nc7 g3 23.Nxa8 Bxh3
24.gxh3 Qd7 25.Nc7 Qxh3 26.Rf2 gxf2+ 27.Bxf2 Nxe4 28.fxe4 f3 29.Bxf3 Nf4
30.Ne6 {#r} 1-0

[Event "It (open)"]
[Site "masterchessopen.com Mehlingen (Germany)"]
[Round "7"]
[White "Duebon Pierre (GER)"]
[Black "Kuenitz Klaus (GER)"]
[Result "1-0"]
[WhiteElo "2140"]
[BlackElo "1637"]

1.d4 Nf6 2.c4 g6 3.Nc3 Bg7 4.e4 d6 5.Nf3 O-O 6.Be2 e5 7.O-O Nc6 8.d5 Ne7 9.Ne1
Ne8 10.Be3 f5 11.f3 f4 12.Bf2 g5 13.c5 h5 14.cxd6 cxd6 15.Nb5 a6 16.Na3 b5
17.Nac2 Rf7 18.a4 bxa4 19.Nb4 Bf8 20.Nc6 Nxc6 21.dxc6 Rg7 22.Rc1 g4 23.Qd5+
Kh8 24.c7 Nxc7 25.Rxc7 Qxc7 26.Qxa8 g3 27.hxg3 fxg3 28.Be3 Qe7 29.Qxc8 {#r}
1-0

[Event "It (open)"]
[Site "masterchessopen.com Mislata (Spain)"]
[Date "2009.08.27"]
[Round "5"]
[White "Del Rio Angelis Salvador G (ESP)"]
[Black "Pena Riasco Alexander (COL)"]
[Result "1-0"]
[WhiteElo "2560"]
[BlackElo "2239"]

1.d4 Nf6 2.c4 g6 3.Nc3 Bg7 4.e4 d6 5.Nf3 O-O 6.Be2 e5 7.O-O Nc6 8.d5 Ne7 9.Ne1
Ne8 10.Be3 f5 11.f3 f4 12.Bf2 g5 13.c5 Rf6 14.cxd6 cxd6 15.Rc1 Kh8 16.Nb5 Bd7
17.Nxa7 Qa5 18.Rc3 Qxa2 19.Bc4 Qa4 20.Qxa4 Bxa4 21.Nd3 Rf7 22.Rd1 Bd7 23.Rb3
Bc8 24.Rc1 Ng8 25.Bb5 Bd7 26.Bxd7 Rxd7 27.Rc4 Ngf6 28.Rcb4 Rb8 29.Kf1 Rc7
30.Rb6 Bf8 31.Nc6 Ra8 32.Rxb7 Rxb7 33.Rxb7 {#r} 1-0

[Event "It (open)"]
[Site "masterchessopen.com Mondariz (Spain)"]
[Round "0"]
[White "Pogorelov Ruslan (UKR)"]
[Black "Guevara Pijoan Josep (ESP)"]
[Result "1-0"]
[WhiteElo "2450"]
[BlackElo "2149"]

1.Nf3 Nf6 2.c4 g6 3.Nc3 Bg7 4.e4 d6 5.d4 O-O 6.Be2 e5 7.O-O Nc6 8.d5 Ne7 9.Ne1
Ne8 10.Be3 f5 11.f3 f4 12.Bf2 g5 13.c5 Rf6 14.a4 Rg6 15.cxd6 cxd6 16.Nb5 a6
17.Na3 g4 18.fxg4 Nf6 19.h3 Nxe4 20.Bd3 Nxf2 21.Rxf2 Rf6 22.Be4 Bd7 23.Nc4 Nc8
24.Nf3 Rf7 25.Qb3 b5 26.axb5 Bxb5 27.Rc2 Nb6 28.Nxb6 Qxb6+ 29.Kh1 Rc7 30.Rc6
Rxc6 31.dxc6+ Kh8 32.Ng5 {#r} 1-0

[Event "It (open)"]
[Site "masterchessopen.com Mysliborz (Poland)"]
[Date "2007.06.11"]
[Round "1"]
[White "Cherednichenko Svetlana (UKR)"]
[Black "Klimaszewski Jerzy (POL)"]
[Result "1-0"]
[WhiteElo "2221"]
[BlackElo "1851"]

1.d4 Nf6 2.c4 g6 3.Nc3 Bg7 4.e4 O-O 5.Nf3 d6 6.Be2 Nc6 7.O-O e5 8.d5 Ne7 9.Ne1
Ne8 10.Nd3 f5 11.Bd2 f4 12.Bg4 Nf6 13.Bxc8 Qxc8 14.f3 h5 15.c5 g5 16.Rc1 Qd8
17.Qb3 b6 18.cxd6 cxd6 19.Nb5 Ne8 20.Nb4 Ng6 21.Na6 Kh7 22.Nac7 Nxc7 23.Nxc7
{#r} 1-0

[Event "It (open)"]
[Site "masterchessopen.com Navalmoral (Spain)"]
[Date "2004.12.07"]
[Round "6"]
[White "Pogorelov Ruslan (UKR)"]
[Black "Garcia Garcia Ruben (ESP)"]
[Result "1-0"]
[WhiteElo "2439"]
[BlackElo "2297"]

1.Nf3 Nf6 2.c4 g6 3.Nc3 Bg7 4.e4 d6 5.d4 O-O 6.Be2 e5 7.O-O Nc6 8.d5 Ne7 9.Ne1
Ne8 10.Be3 f5 11.f3 f4 12.Bf2 g5 13.c5 Rf6 14.a4 Rg6 15.cxd6 cxd6 16.a5 Bd7
17.Bb5 g4 18.Bxd7 Qxd7 19.fxg4 Rxg4 20.Qa4 Qc8 21.h3 Rg5 22.Kh1 h6 23.Nf3 Nf6
{#r} 1-0

[Event "It (open)"]
[Site "masterchessopen.com New Delhi (India)"]
[Date "2012.01.20"]
[Round "8"]
[White "Harikrishna S R (IND)"]
[Black "Pradeep Kumar R A (IND)"]
[Result "0-1"]
[WhiteElo "1960"]
[BlackElo "2268"]

1.d4 Nf6 2.c4 g6 3.Nc3 Bg7 4.e4 d6 5.Nf3 O-O 6.Be2 e5 7.O-O Nc6 8.d5 Ne7 9.Ne1
Ne8 10.f3 f5 11.g4 Kh8 12.Nd3 Ng8 13.Kh1 Bh6 14.Bxh6 Nxh6 15.Qd2 Nf7 16.c5 f4
17.Kg2 Kg7 18.b4 h5 19.h3 Ng5 20.Qe1 Nxh3 21.Kxh3 Qg5 22.Kg2 hxg4 23.fxg4 Bxg4
24.Bxg4 Qxg4+ 25.Kf2 {#R} 0-1

[Event "It (open)"]
[Site "masterchessopen.com Nikea (Greece)"]
[Date "2008.08.30"]
[Round "7"]
[White "Pountzas Hrisanthos (GRE)"]
[Black "Kapogiannatos Hristoforos (GRE)"]
[Result "1-0"]
[WhiteElo "2188"]
[BlackElo "1866"]

1.Nf3 Nf6 2.c4 g6 3.Nc3 Bg7 4.e4 d6 5.d4 O-O 6.Be2 e5 7.O-O Nc6 8.d5 Ne7 9.Ne1
a5 10.Be3 Nd7 11.Nd3 b6 12.a3 f5 13.f3 f4 14.Bf2 g5 15.b4 axb4 16.axb4 Rxa1
17.Qxa1 Nf6 18.Qa7 Ng6 19.c5 bxc5 20.bxc5 h5 21.Nb4 Ne8 22.Nc6 Qf6 23.Nb5 g4
24.Nxc7 g3 25.hxg3 Qg5 26.Nxe8 Rxe8 27.cxd6 fxg3 28.d7 Nf4 29.dxe8=Q+ Kh7
30.Qxc8 Qh4 31.Bxg3 Nxe2+ 32.Kf2 Nxg3 33.Qh3 Nxe4+ 34.Kg1 {#r} 1-0

[Event "It (open)"]
[Site "masterchessopen.com Norresundby (Denmark)"]
[Round "0"]
[White "Holmsgaard Henrik (DEN)"]
[Black "Kupreichik Viktor D (BLR)"]
[Result "0-1"]
[WhiteElo "2320"]
[BlackElo "2555"]

1.c4 g6 2.Nf3 Bg7 3.d4 d6 4.Nc3 Nf6 5.e4 O-O 6.Be2 e5 7.O-O Nc6 8.d5 Ne7 9.Ne1
Ne8 10.Nd3 f5 11.Bd2 fxe4 12.Nxe4 Nf5 13.Be3 c6 14.Rc1 Kh8 15.a4 Nc7 16.dxc6
bxc6 17.Nb4 Bb7 18.a5 Rb8 19.Bg4 c5 20.Nd5 Bxd5 21.cxd5 Nd4 22.b4 cxb4 23.Bxd4
exd4 24.Qb3 Nb5 25.Rc6 Nc3 26.Nxd6 Be5 27.Nc8 Qg5 28.h3 h5 29.Qc2 b3 30.Qd3
hxg4 31.Rxg6 Qf5 32.Rg8+ Kh7 {#R} 0-1

[Event "It (open)"]
[Site "masterchessopen.com Northeim (Germany)"]
[Date "2005.04.17"]
[Round "7"]
[White "Neumann Michael (GER)"]
[Black "Schuelke Tilman (GER)"]
[Result "1-0"]
[WhiteElo "2204"]
[BlackElo "1959"]

1.e4 g6 2.d4 d6 3.c4 Nf6 4.Nc3 Bg7 5.Nf3 O-O 6.Be2 e5 7.O-O Nc6 8.d5 Ne7 9.Ne1
Ne8 10.Be3 f5 11.f3 f4 12.Bf2 g5 13.c5 Ng6 14.Rc1 Rf7 15.Nd3 h5 16.Nb5 a6
17.Na3 Nf6 18.Nc4 g4 19.cxd6 cxd6 20.Nb6 g3 21.Nxa8 gxf2+ 22.Nxf2 Bd7 23.Nc7
Nf8 24.Qb3 Bc8 25.Ne6 Nxe6 26.dxe6 Re7 27.Bc4 Nh7 28.Rfd1 Kh8 29.Qb4 {#r} 1-0

[Event "It (open)"]
[Site "masterchessopen.com Nuernberg (Germany)"]
[Round "0"]
[White "Maksimovic Branimir (SRB)"]
[Black "Huber Hans"]
[Result "1-0"]
[WhiteElo "2455"]
[BlackElo "1990"]

1.d4 Nf6 2.c4 g6 3.Nc3 Bg7 4.e4 d6 5.Be2 O-O 6.Nf3 e5 7.O-O Nc6 8.d5 Ne7 9.Ne1
c6 10.Nc2 cxd5 11.cxd5 Bd7 12.Ne3 Rc8 13.Nc4 Ne8 14.a4 f5 15.Be3 f4 16.Bxa7 f3
17.gxf3 Bh3 18.Bb6 Nc7 19.Kh1 Rf4 20.Rg1 Qf8 21.Nxd6 Nexd5 22.Nxd5 Nxd5
23.Qxd5+ Kh8 24.Nxc8 Rxf3 25.Qd8 {#r} 1-0

[Event "It (open)"]
[Site "masterchessopen.com Nuernberg (Germany)"]
[Round "5"]
[White "Wirth Wolfgang"]
[Black "Sroka Dieter (GER)"]
[Result "1-0"]
[WhiteElo "1950"]
[BlackElo "1893"]

1.d4 Nf6 2.c4 g6 3.Nc3 Bg7 4.e4 d6 5.Be2 O-O 6.Nf3 e5 7.O-O Nc6 8.d5 Ne7 9.Ne1
Ne8 10.Nd3 f5 11.f3 f4 12.g4 Nf6 13.Bd2 h5 14.g5 Nh7 15.h4 Kf7 16.Kh2 a6
17.Rg1 Rg8 18.c5 Bf8 19.Rc1 Bd7 20.Qb3 Rb8 21.Na4 Nc8 22.c6 Be8 23.cxb7 Nb6
24.Nxb6 cxb6 25.Nb4 a5 {#r} 1-0

[Event "It (open)"]
[Site "masterchessopen.com Oviedo (Spain)"]
[Date "2006.07.01"]
[Round "1"]
[White "Alvarez Solis Jesus Manuel (ESP)"]
[Black "Fernandez Riesgo Manuel (ESP)"]
[Result "1-0"]
[WhiteElo "2039"]
[BlackElo "1864"]

1.d4 Nf6 2.Nf3 g6 3.c4 Bg7 4.Nc3 d6 5.e4 O-O 6.Be2 e5 7.O-O Nc6 8.d5 Ne7 9.Ne1
Ne8 10.Be3 f5 11.f3 f4 12.Bf2 g5 13.c5 h5 14.a4 a5 15.Rc1 Bh6 16.Qb3 Kh8
17.cxd6 cxd6 18.Bb6 Qd7 19.Bb5 Nc6 20.dxc6 bxc6 21.Bxc6 Qxc6 22.Qb5 Bd7
23.Qxc6 Bxc6 24.Nb5 Rf7 25.Rxc6 {#r} 1-0

[Event "It (open)"]
[Site "masterchessopen.com Paris (France)"]
[Round "7"]
[White "Primel Dominique (FRA)"]
[Black "Vigneron Antoine (FRA)"]
[Result "0-1"]
[WhiteElo "2002"]
[BlackElo "2044"]

1.Nf3 Nf6 2.c4 g6 3.Nc3 Bg7 4.e4 d6 5.d4 O-O 6.Be2 e5 7.O-O Nc6 8.d5 Ne7 9.Ne1
Ne8 10.Nd3 f5 11.Bd2 f4 12.Bg4 Nf6 13.Bxc8 Rxc8 14.f3 h5 15.Be1 g5 16.c5 Ng6
17.Bf2 g4 18.Kh1 g3 19.Bg1 gxh2 20.Bf2 h4 21.Kxh2 Nh5 22.Qb3 Ng3 23.Rfc1 h3
24.gxh3 Nh4 25.Ne1 Qg5 26.Qc4 Qh5 27.Qd3 Rf6 28.cxd6 cxd6 29.Nb5 Rcf8 30.Nc7
Rh6 31.Ne6 Nxf3+ 32.Qxf3 Qxh3+ {#R} 0-1

[Event "It (open)"]
[Site "masterchessopen.com Passau (Germany)"]
[Round "0"]
[White "Stierle Martin (GER)"]
[Black "Guttenthaler Franz (GER)"]
[Result "0-1"]
[WhiteElo "1964"]
[BlackElo "2191"]

1.d4 Nf6 2.Nf3 g6 3.c4 Bg7 4.Nc3 O-O 5.e4 d6 6.Be2 Nc6 7.O-O e5 8.d5 Ne7 9.Ne1
Ne8 10.Be3 f5 11.f3 c5 12.Nd3 f4 13.Bf2 g5 14.b4 b6 15.bxc5 bxc5 16.Qa4 h5
17.Rab1 g4 18.Nxc5 dxc5 19.Bxc5 Rf6 20.Bxa7 Bd7 21.Nb5 Nc8 22.Qb3 Nxa7 23.Nxa7
Rxa7 24.c5 Bf8 25.c6 Bc5+ 26.Kh1 Bc8 27.Bc4 Nd6 28.Be2 g3 29.Rfc1 Be3 {#R} 0-1

[Event "It (open)"]
[Site "masterchessopen.com Passau (Germany)"]
[Round "4"]
[White "Loderbauer Gerhard"]
[Black "Preusser Gernot"]
[Result "1-0"]
[WhiteElo "1820"]
[BlackElo "1584"]

1.d4 Nf6 2.c4 g6 3.Nc3 Bg7 4.e4 d6 5.Nf3 O-O 6.Be2 e5 7.O-O Nc6 8.d5 Ne7 9.Ne1
Ne8 10.f4 f5 11.fxe5 dxe5 12.exf5 gxf5 13.Nf3 Ng6 14.c5 Nf6 15.Bc4 Kh8 16.Bg5
Re8 17.Qe1 h6 18.Bc1 b6 19.c6 a6 20.Nh4 Nxh4 21.Qxh4 b5 22.Bb3 Ng4 23.Qh5 b4
24.Na4 f4 25.Nc5 Nf6 26.Qg6 Qe7 27.Ne4 Nxe4 28.Qxe4 Qf8 29.Bc2 Qc5+ 30.Kh1 Kg8
31.Qh7+ Kf8 32.Bxf4 {#r} 1-0

[Event "It (open)"]
[Site "masterchessopen.com Patras (Greece)"]
[Round "2"]
[White "Khurtsilava Inga (GEO)"]
[Black "Masouros Panagiotis (GRE)"]
[Result "1-0"]
[WhiteElo "2265"]
[BlackElo "1966"]

1.d4 Nf6 2.Nf3 g6 3.c4 Bg7 4.Nc3 O-O 5.e4 d6 6.Be2 e5 7.O-O Nc6 8.d5 Ne7 9.Ne1
Ne8 10.Be3 f5 11.f3 Nf6 12.c5 f4 13.Bf2 g5 14.Rc1 Ng6 15.Qb3 g4 16.cxd6 cxd6
17.Nb5 Rf7 18.Nxa7 g3 19.Bb6 gxh2+ 20.Kxh2 Qf8 21.Nxc8 Rxc8 22.Nd3 Nh5 23.Rxc8
Qxc8 24.Rc1 Qf8 25.Nf2 Ng3 26.Bb5 Bf6 27.Nh3 Bh4 28.Qc4 Qg7 29.Qc8+ Nf8 30.Nf2
h5 31.Qh3 Bf6 32.Rc8 Qg5 33.Nh1 Kg7 34.Nxg3 fxg3+ 35.Qxg3 {#r} 1-0

[Event "It (open)"]
[Site "masterchessopen.com Penrith (Australia)"]
[Round "5"]
[White "Harp Joel (AUS)"]
[Black "Boyd Tristan (AUS)"]
[Result "0-1"]
[WhiteElo "2074"]
[BlackElo "2279"]

1.d4 Nf6 2.Nf3 g6 3.c4 Bg7 4.Nc3 O-O 5.e4 d6 6.Be2 e5 7.O-O Nc6 8.d5 Ne7 9.Ne1
Ne8 10.Nd3 f5 11.exf5 Nxf5 12.Ne4 Nf6 13.Bg5 h6 14.Bxf6 Bxf6 15.Qd2 Nd4 16.f3
Bf5 17.Ndf2 Kg7 18.Bd3 c5 19.Rab1 a5 20.b3 Bh4 21.a3 Bxf2+ 22.Rxf2 Bxe4
23.Bxe4 Qc7 24.Qd3 g5 25.b4 axb4 26.axb4 cxb4 27.Rxb4 Ra1+ 28.Rf1 Nxf3+ 29.Kh1
Rxf1+ 30.Qxf1 Nd2 {#R} 0-1

[Event "It (open)"]
[Site "masterchessopen.com Plancoet (France)"]
[Round "8"]
[White "Tripoteau Nicolas (FRA)"]
[Black "Delaire Eric (FRA)"]
[Result "1-0"]
[WhiteElo "2250"]
[BlackElo "1987"]

1.d4 Nf6 2.c4 g6 3.Nc3 Bg7 4.e4 d6 5.Nf3 O-O 6.Be2 e5 7.O-O Nc6 8.d5 Ne7 9.Ne1
Ne8 10.Be3 f5 11.f3 f4 12.Bf2 g5 13.Rc1 Ng6 14.c5 Rf7 15.cxd6 cxd6 16.Nb5 Bf8
17.Nxa7 Rc7 18.Nxc8 Qxc8 19.Rxc7 Qxc7 20.a4 Nf6 21.b4 g4 22.a5 Qg7 23.Bb6 h5
24.Qc2 Re8 25.Kh1 Nh4 26.Bb5 Re7 27.Bd8 Rf7 28.Qc8 Nxf3 29.gxf3 gxf3 30.Nxf3
Nxe4 31.Be8 Ng3+ 32.hxg3 fxg3 33.Bxf7+ Kh8 34.Nh4 {#r} 1-0

[Event "It (open)"]
[Site "masterchessopen.com Pontevedra (Spain)"]
[Round "9"]
[White "Dimitrov Vladimir (BUL)"]
[Black "Diez Fraile Mariano (ESP)"]
[Result "1-0"]
[WhiteElo "2438"]
[BlackElo "2194"]

1.d4 Nf6 2.c4 g6 3.Nc3 Bg7 4.e4 d6 5.Nf3 O-O 6.Be2 e5 7.O-O Nc6 8.d5 Ne7 9.Ne1
Ne8 10.Be3 f5 11.f3 f4 12.Bf2 g5 13.c5 Nf6 14.Rc1 Rf7 15.cxd6 cxd6 16.Nb5 Ng6
17.Nxa7 Bd7 18.Qb3 g4 19.Qb6 Qf8 20.Nd3 Bh6 21.Rc7 Rg7 22.Rfc1 g3 23.Be1 Nh4
24.h3 Re8 25.Qxb7 Rb8 26.Qxb8 {#r} 1-0